| Tag |
First Indicator |
Second Indicator |
Subfields |
| LEADER |
00000cam a22000008a 4500 |
| 001 |
in00001166607 |
| 005 |
20151001082706.0 |
| 008 |
940111s1994 pau b 101 0 eng |
| 010 |
|
|
|a 94002400
|
| 020 |
|
|
|a 0803118937
|
| 035 |
|
|
|a (OCoLC)29702655
|
| 035 |
|
|
|9 AGF5287AM
|
| 040 |
|
|
|a DLC
|c DLC
|d TXA
|d UtOrBLW
|
| 049 |
|
|
|a TXAM
|
| 050 |
0 |
0 |
|a TE250
|b .V34 1994
|
| 082 |
0 |
0 |
|a 625.7
|2 20
|
| 245 |
0 |
0 |
|a Vehicle-road interaction /
|c Bohdan T. Kulakowski, editor.
|
| 263 |
|
|
|a 9402
|
| 264 |
|
1 |
|a Philadelphia, PA,
|c ASTM :
|b c1994.
|
| 300 |
|
|
|a 267 pages :
|b illustrations
|
| 336 |
|
|
|a text
|b txt
|2 rdacontent
|
| 337 |
|
|
|a unmediated
|b n
|2 rdamedia
|
| 338 |
|
|
|a volume
|b nc
|2 rdacarrier
|
| 490 |
1 |
|
|a STP ;
|v 1225
|
| 500 |
|
|
|a "Papers presented at the Vehicle-Road Intera[c]tion II Conference held in Santa Barbara, California on 17-22 May 1992"--Foreword.
|
| 504 |
|
|
|a Includes bibliographical references and index.
|
| 650 |
|
0 |
|a Pavements
|x Live loads
|x Congresses.
|
| 650 |
|
0 |
|a Trucks
|x Tires
|x Congresses.
|
| 700 |
1 |
|
|a Kulakowski, Bohdan T.
|
| 711 |
2 |
|
|a Vehicle-Road Interaction II Conference
|d (1992 :
|c Santa Barbara, Calif.)
|
| 830 |
|
0 |
|a ASTM special technical publication ;
|v 1225.
|
| 999 |
|
|
|a MARS
|
| 999 |
f |
f |
|s a85e419d-f752-3c37-979b-14c4595f9ada
|i 022a7dc2-d7d8-3235-9e74-308beebcceb6
|t 0
|
| 952 |
f |
f |
|p ric
|a Texas A&M University
|b Rellis Campus
|c Joint Library Facility
|d Remote Storage
|t 0
|e TE250 .V34 1994
|h Library of Congress classification
|i unmediated -- volume
|m A14818154771
|
| 998 |
f |
f |
|a TE250 .V34 1994
|t 0
|l Remote Storage
|